[Event "Europa tch 2011 femenino"]
[Site "Porto Carras"]
[Date "2011.11.09"]
[Round "7.3"]
[White "Krivec, Jana"]
[Black "Javakhishvili, Lela"]
[Result "0-1"]
[WhiteElo "2291"]
[BlackElo "2475"]
[PlyCount "74"]
[EventDate "2011.11.03"]
[EventType "team"]
[EventRounds "9"]
[EventCountry "GRE"]
[Source "lmi"]
[SourceDate "2011.11.03"]
[WhiteTeamCountry "NED"]
[BlackTeamCountry "GRE"]

1. e4 c5 2. Nf3 e6 3. c3 Qa5 4. Na3 Nc6 5. Bd3 d5 6. exd5 exd5 7. Qe2+ Be7 8.
Bb5 Nf6 9. O-O Qc7 10. Re1 O-O 11. Bxc6 Qxc6 12. d4 Re8 13. Ne5 Qb6 14. Be3 c4
15. Nc2 Bf5 16. g4 Nxg4 17. Nxg4 Qg6 18. Kh1 Bxg4 19. f3 Bh5 20. Rg1 Qf5 21.
Raf1 Bg6 22. Rc1 Bh4 23. Qg2 Re6 24. Qg4 Qxg4 25. Rxg4 Bxc2 26. Rxc2 Rxe3 27.
Rxh4 f5 28. Kg2 Rae8 29. Kf2 Re1 30. Rh5 g6 31. Rg5 Ra1 32. a3 Ree1 33. Rg2 Kf7
34. Kg3 Kf6 35. Rce2 g5 36. Kf2 Rxe2+ 37. Kxe2 Rb1 0-1

[Event "Europa tch 2011 femenino"]
[Site "Porto Carras"]
[Date "2011.11.09"]
[Round "7.3"]
[White "Rozic, Vesna"]
[Black "Melia, Salome"]
[Result "0-1"]
[WhiteElo "2263"]
[BlackElo "2392"]
[PlyCount "94"]
[EventDate "2011.11.03"]
[EventType "team"]
[EventRounds "9"]
[EventCountry "GRE"]
[Source "lmi"]
[SourceDate "2011.11.03"]
[WhiteTeamCountry "NED"]
[BlackTeamCountry "GRE"]

1. d4 Nf6 2. Nf3 e6 3. Bf4 b6 4. e3 Bb7 5. Nbd2 d6 6. h3 Nbd7 7. Bd3 Qe7 8. Bg5
h6 9. Bxf6 Nxf6 10. Qe2 a6 11. e4 g6 12. O-O e5 13. dxe5 dxe5 14. Nc4 Nd7 15.
Rad1 Bg7 16. Ne3 c6 17. c3 O-O 18. b4 b5 19. a4 Nf6 20. Qc2 Rfd8 21. Qb1 Nh5
22. Rfe1 Bc8 23. Bf1 Be6 24. Rxd8+ Qxd8 25. Rd1 Qe7 26. Ne1 bxa4 27. Nc4 c5 28.
bxc5 Qxc5 29. Qb7 Qc8 30. Qb4 Qc6 31. Na5 Qe8 32. Ra1 Bd7 33. c4 Rb8 34. Qc3
Bf8 35. c5 Rc8 36. Nd3 Bb5 37. c6 Bxc6 38. Nxc6 Rxc6 39. Qa5 a3 40. Nb4 Rc5 41.
Qxa6 Qd8 42. Nd5 Rc2 43. Ne3 Rd2 44. Nc4 Qd4 45. Nxd2 Qxa1 46. Nb3 Qb1 47. Nd2
a2 0-1

[Event "Europa tch 2011 femenino"]
[Site "Porto Carras"]
[Date "2011.11.09"]
[Round "7.4"]
[White "Eric, Jovana"]
[Black "Leconte, Maria"]
[Result "1/2-1/2"]
[WhiteElo "2236"]
[BlackElo "2282"]
[PlyCount "88"]
[EventDate "2011.11.03"]
[EventType "team"]
[EventRounds "9"]
[EventCountry "GRE"]
[Source "lmi"]
[SourceDate "2011.11.03"]
[WhiteTeamCountry "NED"]
[BlackTeamCountry "GRE"]

1. e4 e6 2. d4 d5 3. Nc3 Nf6 4. e5 Nfd7 5. f4 c5 6. Nf3 Nc6 7. Be3 cxd4 8. Nxd4
Bc5 9. Qd2 O-O 10. O-O-O Bxd4 11. Bxd4 Qa5 12. h4 Rb8 13. Kb1 b5 14. Rh3 Nxd4
15. Qxd4 b4 16. Ne2 Ba6 17. h5 Rbc8 18. h6 g6 19. Re3 Bc4 20. b3 Bxe2 21. Bxe2
Qc5 22. Qxc5 Rxc5 23. Bd3 a5 24. g4 Nb6 25. Re2 a4 26. Red2 a3 27. Be2 Nd7 28.
Rd4 Rb8 29. Bf3 Rc3 30. R1d3 Rxd3 31. Rxd3 g5 32. fxg5 Nxe5 33. Re3 Ng6 34. Kc1
Rc8 35. Kd2 d4 36. Re4 e5 37. Re1 Rc5 38. Be4 Nf4 39. Rf1 Rc3 40. Bd3 Rc5 41.
Bc4 Kf8 42. Rf2 Rc7 43. Bd3 Kg8 44. Rf1 Rc5 1/2-1/2

[Event "Europa tch 2011 femenino"]
[Site "Porto Carras"]
[Date "2011.11.09"]
[Round "7.4"]
[White "Guichard, Pauline"]
[Black "Stojanovic, Andjelija"]
[Result "1/2-1/2"]
[WhiteElo "2305"]
[BlackElo "2280"]
[PlyCount "127"]
[EventDate "2011.11.03"]
[EventType "team"]
[EventRounds "9"]
[EventCountry "GRE"]
[Source "lmi"]
[SourceDate "2011.11.03"]
[WhiteTeamCountry "NED"]
[BlackTeamCountry "GRE"]

1. d4 d5 2. c4 Nc6 3. Nc3 e6 4. Nf3 Nf6 5. Bg5 Be7 6. e3 O-O 7. Rc1 h6 8. Bh4
a6 9. b3 Ne4 10. Bxe7 Qxe7 11. Be2 Qb4 12. Qc2 Qa5 13. O-O Nb4 14. Qb2 Nxc3 15.
Qxc3 dxc4 16. bxc4 c5 17. a3 Nc6 18. Qb2 Qc7 19. Rfd1 Rd8 20. dxc5 Rxd1+ 21.
Rxd1 Bd7 22. Qb6 Rc8 23. Nd4 Na5 24. Nb3 Nxb3 25. Qxb3 Bc6 26. Rd6 Qe7 27. f4
e5 28. Qd3 exf4 29. exf4 Re8 30. Bf1 Qh4 31. Qg3 Qh5 32. Qf2 Qf5 33. Bd3 Qg4
34. h3 Qd1+ 35. Kh2 Qc1 36. Qg3 Qb2 37. f5 Qe5 38. Qxe5 Rxe5 39. Rd8+ Kh7 40.
f6+ Be4 41. Rd5 Re8 42. Bxe4+ Rxe4 43. Rd7 gxf6 44. Rxf7+ Kg6 45. Rxb7 Rxc4 46.
Ra7 Ra4 47. c6 Rxa3 48. Ra8 Rc3 49. Rxa6 h5 50. Kg1 Rc2 51. Kf1 h4 52. Ke1 Kf5
53. Kd1 Rxg2 54. c7 Rg8 55. Ke2 Rc8 56. Ra7 Ke4 57. Kf2 Kf4 58. Ke2 Ke4 59. Kd2
Kd4 60. Kc2 Kd5 61. Kd3 Kd6 62. Ke4 Rxc7 63. Rxc7 Kxc7 64. Kf5 1/2-1/2

[Event "Europa tch 2011 femenino"]
[Site "Porto Carras"]
[Date "2011.11.09"]
[Round "7.4"]
[White "Milliet, Sophie"]
[Black "Bojkovic, Natasa"]
[Result "1-0"]
[WhiteElo "2386"]
[BlackElo "2396"]
[PlyCount "87"]
[EventDate "2011.11.03"]
[EventType "team"]
[EventRounds "9"]
[EventCountry "GRE"]
[Source "lmi"]
[SourceDate "2011.11.03"]
[WhiteTeamCountry "NED"]
[BlackTeamCountry "GRE"]

1. e4 c5 2. Nf3 e6 3. d4 cxd4 4. Nxd4 a6 5. Be2 Nf6 6. Nc3 Qc7 7. O-O Bb4 8.
Bg5 Bxc3 9. Bxf6 gxf6 10. bxc3 Qxc3 11. f4 Nc6 12. Nxc6 bxc6 13. Qd6 Qe3+ 14.
Rf2 Qb6 15. c4 Rb8 16. c5 Qa7 17. f5 Rb4 18. e5 Qb8 19. fxe6 Qxd6 20. exd6 dxe6
21. Rxf6 O-O 22. Raf1 e5 23. Bf3 Bd7 24. Bh5 Be6 25. Re1 e4 26. Rf4 Rc4 27.
Rexe4 Rxc5 28. Bg4 Rd8 29. Bxe6 fxe6 30. Rxe6 Rc1+ 31. Rf1 Rxf1+ 32. Kxf1 Rd7
33. Ke2 Kf7 34. Re7+ Rxe7+ 35. dxe7 Kxe7 36. Kd3 h5 37. Kc4 Kd6 38. g3 Ke5 39.
h3 Ke4 40. Kc5 Kf3 41. g4 hxg4 42. hxg4 Kxg4 43. Kxc6 a5 44. Kb5 1-0

[Event "Europa tch 2011 femenino"]
[Site "Porto Carras"]
[Date "2011.11.09"]
[Round "7.5"]
[White "Djingarova, Emilia"]
[Black "Ohme, Melanie"]
[Result "1/2-1/2"]
[WhiteElo "2309"]
[BlackElo "2361"]
[PlyCount "23"]
[EventDate "2011.11.03"]
[EventType "team"]
[EventRounds "9"]
[EventCountry "GRE"]
[Source "lmi"]
[SourceDate "2011.11.03"]
[WhiteTeamCountry "NED"]
[BlackTeamCountry "GRE"]

1. c4 d6 2. g3 e5 3. Bg2 f5 4. Nc3 Nf6 5. d3 g6 6. e4 Bg7 7. Nge2 O-O 8. O-O c6
9. h3 Be6 10. exf5 Bxf5 11. d4 Qe7 12. Be3 1/2-1/2

[Event "Europa tch 2011 femenino"]
[Site "Porto Carras"]
[Date "2011.11.09"]
[Round "7.5"]
[White "Hoolt, Sarah"]
[Black "Nikolova, Adriana"]
[Result "0-1"]
[WhiteElo "2286"]
[BlackElo "2286"]
[PlyCount "74"]
[EventDate "2011.11.03"]
[EventType "team"]
[EventRounds "9"]
[EventCountry "GRE"]
[Source "lmi"]
[SourceDate "2011.11.03"]
[WhiteTeamCountry "NED"]
[BlackTeamCountry "GRE"]

1. e4 c5 2. Nc3 d6 3. f4 g6 4. Nf3 Bg7 5. d4 cxd4 6. Nxd4 Nc6 7. Be3 Nf6 8. Be2
a6 9. a4 h5 10. h3 h4 11. O-O Bd7 12. Nf3 Nh5 13. Nd5 Kf8 14. Bd3 Ng3 15. Rf2
Rb8 16. f5 gxf5 17. exf5 Nh5 18. Bg5 Nf6 19. Bc4 Be8 20. Bxh4 Nxd5 21. Bxd5
Bxb2 22. Rb1 Bf6 23. Bxf6 exf6 24. Rd2 Qa5 25. Kh1 Qxa4 26. Nd4 Ne5 27. Bxb7
Qa3 28. Rb3 Qc5 29. Bxa6 Rxb3 30. cxb3 Bc6 31. Kh2 Be4 32. Be2 d5 33. Ra2 Qc7
34. Kg1 Kg7 35. b4 Qc3 36. b5 Qe3+ 37. Kh2 Rxh3+ 0-1

[Event "Europa tch 2011 femenino"]
[Site "Porto Carras"]
[Date "2011.11.09"]
[Round "7.5"]
[White "Michna, Marta"]
[Black "Videnova, Iva"]
[Result "1-0"]
[WhiteElo "2382"]
[BlackElo "2297"]
[PlyCount "65"]
[EventDate "2011.11.03"]
[EventType "team"]
[EventRounds "9"]
[EventCountry "GRE"]
[Source "lmi"]
[SourceDate "2011.11.03"]
[WhiteTeamCountry "NED"]
[BlackTeamCountry "GRE"]

1. d4 Nf6 2. Nf3 e6 3. e3 b6 4. Bd3 Bb7 5. Nbd2 d5 6. O-O Bd6 7. b3 O-O 8. Bb2
Ne4 9. Qe2 Nd7 10. Rfd1 f5 11. c4 Qf6 12. Rac1 c6 13. c5 bxc5 14. Ba6 Bxa6 15.
Qxa6 cxd4 16. Qxc6 Ne5 17. Nxe5 Bxe5 18. f4 Nxd2 19. fxe5 Qxe5 20. Bxd4 Qe4 21.
Rxd2 Rac8 22. Qxc8 Rxc8 23. Rxc8+ Kf7 24. Rc7+ Ke8 25. Rd1 e5 26. Bxa7 d4 27.
exd4 Qe3+ 28. Kh1 e4 29. d5 Qe2 30. Rdc1 Qd2 31. d6 Qxd6 32. Rxg7 Qa6 33. Rc8+
1-0

[Event "Europa tch 2011 femenino"]
[Site "Porto Carras"]
[Date "2011.11.09"]
[Round "7.6"]
[White "Mamedjarova, Zeinab"]
[Black "Kulovana, Eva"]
[Result "0-1"]
[WhiteElo "2314"]
[BlackElo "2297"]
[PlyCount "74"]
[EventDate "2011.11.03"]
[EventType "team"]
[EventRounds "9"]
[EventCountry "GRE"]
[Source "lmi"]
[SourceDate "2011.11.03"]
[WhiteTeamCountry "NED"]
[BlackTeamCountry "GRE"]

1. d4 d5 2. c4 c6 3. Nf3 Nf6 4. Qb3 dxc4 5. Qxc4 Bf5 6. g3 e6 7. Bg2 Nbd7 8. e3
Be7 9. O-O O-O 10. Qe2 c5 11. Rd1 Qc7 12. Nc3 Ne4 13. Nh4 Nxc3 14. bxc3 Bxh4
15. gxh4 Nf6 16. e4 Bg4 17. f3 Bh5 18. Bg5 Nd7 19. Kh1 Rfe8 20. Rg1 Nf8 21. Bh3
Ng6 22. Bg4 Bxg4 23. Rxg4 h5 24. Rg3 cxd4 25. cxd4 Rac8 26. Rc1 Nf4 27. Bxf4
Qxf4 28. Rcg1 g6 29. Qb5 Kh7 30. Qxb7 Rc7 31. Qb5 Rd8 32. Qa4 Rc3 33. Qxa7 Rxf3
34. Rxg6 Qxe4 35. R6g2 Rf5 36. Qe7 Rg8 37. h3 Rf2 0-1

[Event "Europa tch 2011 femenino"]
[Site "Porto Carras"]
[Date "2011.11.09"]
[Round "7.6"]
[White "Mammadova, Gulnar"]
[Black "Havlikova, Kristyna"]
[Result "1/2-1/2"]
[WhiteElo "2290"]
[BlackElo "2285"]
[PlyCount "96"]
[EventDate "2011.11.03"]
[EventType "team"]
[EventRounds "9"]
[EventCountry "GRE"]
[Source "lmi"]
[SourceDate "2011.11.03"]
[WhiteTeamCountry "NED"]
[BlackTeamCountry "GRE"]

1. e4 c5 2. Nf3 Nc6 3. Bb5 g6 4. O-O Bg7 5. c3 e5 6. d4 cxd4 7. cxd4 Nxd4 8.
Nxd4 exd4 9. Bf4 Ne7 10. Na3 O-O 11. Bd6 Re8 12. Qf3 Nc6 13. Bc4 Qf6 14. Nb5
Qxf3 15. gxf3 Be5 16. Nc7 Bxd6 17. Nxe8 Be5 18. f4 Bxf4 19. Nf6+ Kg7 20. Nd5
Bd6 21. f4 b6 22. a3 Bb7 23. e5 Bf8 24. b4 d6 25. Rae1 Rc8 26. Ba2 Ne7 27. Nxe7
Bxe7 28. Rc1 d3 29. Rxc8 Bxc8 30. Rd1 Bf5 31. Bc4 dxe5 32. fxe5 a5 33. bxa5
bxa5 34. Bxd3 Bxa3 35. Bxf5 gxf5 36. Kg2 Bb2 37. Rd5 a4 38. Ra5 a3 39. Ra6 h6
40. h3 Bxe5 41. Rxa3 Kg6 42. Ra8 Kf6 43. Kf3 Kg6 44. Ra5 Bh2 45. Ra6+ Kg7 46.
Ke3 Be5 47. Ra5 Kf6 48. Kf3 Bh2 1/2-1/2

[Event "Europa tch 2011 femenino"]
[Site "Porto Carras"]
[Date "2011.11.09"]
[Round "7.6"]
[White "Nemcova, Katerina"]
[Black "Kazimova, Narmin"]
[Result "1/2-1/2"]
[WhiteElo "2276"]
[BlackElo "2241"]
[PlyCount "46"]
[EventDate "2011.11.03"]
[EventType "team"]
[EventRounds "9"]
[EventCountry "GRE"]
[Source "lmi"]
[SourceDate "2011.11.03"]
[WhiteTeamCountry "NED"]
[BlackTeamCountry "GRE"]

1. e4 c5 2. Nf3 d6 3. d4 cxd4 4. Nxd4 Nf6 5. Nc3 a6 6. Be3 e6 7. Be2 Qc7 8. g4
b5 9. g5 Nfd7 10. Qd2 Bb7 11. a3 Nb6 12. O-O-O N8d7 13. f4 Rc8 14. Kb1 Be7 15.
h4 d5 16. exd5 Nxd5 17. Nxd5 Bxd5 18. Rdf1 Nc5 19. f5 Ne4 20. Qd3 Nc5 21. Qd2
Ne4 22. Qd3 Nc5 23. Qd2 Ne4 1/2-1/2

[Event "Europa tch 2011 femenino"]
[Site "Porto Carras"]
[Date "2011.11.09"]
[Round "7.6"]
[White "Olsarova, Tereza"]
[Black "Umudova, Nargiz"]
[Result "1-0"]
[WhiteElo "2232"]
[BlackElo "2210"]
[PlyCount "79"]
[EventDate "2011.11.03"]
[EventType "team"]
[EventRounds "9"]
[EventCountry "GRE"]
[Source "lmi"]
[SourceDate "2011.11.03"]
[WhiteTeamCountry "NED"]
[BlackTeamCountry "GRE"]

1. f4 c5 2. b3 b6 3. Bb2 Bb7 4. e3 e6 5. Nf3 Nf6 6. Bd3 Be7 7. O-O d6 8. Qe1
Nbd7 9. e4 Qc7 10. e5 Nd5 11. f5 O-O-O 12. Na3 exf5 13. Bxf5 f6 14. Nb5 Qb8 15.
d4 cxd4 16. Bxd7+ Rxd7 17. e6 Rdd8 18. Nfxd4 g6 19. Rf3 Qa8 20. Qf1 a6 21. Na3
f5 22. Nc4 Rhe8 23. Rh3 h5 24. Ne2 Kb8 25. Bd4 Bf6 26. Bxf6 Nxf6 27. Nd4 Qa7
28. Rd1 Ka8 29. Rg3 Ne4 30. Rxg6 b5 31. Ne3 Rg8 32. e7 Rde8 33. Rxg8 Rxg8 34.
Qxf5 Qb8 35. Ne6 h4 36. Qf8 Ka7 37. Qxb8+ Kxb8 38. Rf1 Re8 39. Rf8 Bc6 40. Ng7
1-0

[Event "Europa tch 2011 femenino"]
[Site "Porto Carras"]
[Date "2011.11.09"]
[Round "7.7"]
[White "Bensdorp, Marlies"]
[Black "Rudolf, Anna"]
[Result "1/2-1/2"]
[WhiteElo "2242"]
[BlackElo "2347"]
[PlyCount "110"]
[EventDate "2011.11.03"]
[EventType "team"]
[EventRounds "9"]
[EventCountry "GRE"]
[Source "lmi"]
[SourceDate "2011.11.03"]
[WhiteTeamCountry "NED"]
[BlackTeamCountry "GRE"]

1. d4 e6 2. c4 Nf6 3. Nf3 b6 4. g3 Ba6 5. Qa4 Bb7 6. Bg2 c5 7. dxc5 bxc5 8. O-O
Be7 9. Rd1 O-O 10. Nc3 Qb6 11. Bf4 d6 12. Rd2 h6 13. h3 Rd8 14. Rad1 a6 15. Qa3
g5 16. Be3 Nc6 17. b3 Qc7 18. Nh2 Nb4 19. Bxb7 Qxb7 20. f3 d5 21. cxd5 exd5 22.
Bf2 d4 23. Na4 Nbd5 24. Qc1 Rac8 25. Nf1 Nd7 26. Qc2 Nb4 27. Qb1 Rc6 28. Qe4
Nf6 29. Qf5 Rd5 30. Qb1 Qc8 31. g4 Bd6 32. a3 Bf4 33. axb4 Bxd2 34. Nxd2 cxb4
35. Nc4 Qd8 36. Nab2 a5 37. Rd3 Ne8 38. Qd1 Nc7 39. Rxd4 Rxd4 40. Qxd4 Qe7 41.
Qd2 Ne6 42. Qd5 Rc8 43. Nd3 a4 44. bxa4 b3 45. Nb6 Rc1+ 46. Kg2 b2 47. Qa8+ Kg7
48. Nd5 Qa3 49. Nxb2 Qxb2 50. Qa6 Rc2 51. Qb6 Qe5 52. e4 Rb2 53. Qe3 Kh7 54. a5
Ra2 55. Qa7 Kg7 1/2-1/2

[Event "Europa tch 2011 femenino"]
[Site "Porto Carras"]
[Date "2011.11.09"]
[Round "7.7"]
[White "Gara, Anita"]
[Black "Haast, Anne"]
[Result "1-0"]
[WhiteElo "2340"]
[BlackElo "2268"]
[PlyCount "119"]
[EventDate "2011.11.03"]
[EventType "team"]
[EventRounds "9"]
[EventCountry "GRE"]
[Source "lmi"]
[SourceDate "2011.11.03"]
[WhiteTeamCountry "NED"]
[BlackTeamCountry "GRE"]

1. e4 c5 2. d3 g6 3. g3 Bg7 4. Bg2 Nc6 5. f4 d6 6. Nf3 Nf6 7. O-O O-O 8. h3 Rb8
9. Nc3 b5 10. g4 b4 11. Ne2 a5 12. Rb1 a4 13. b3 a3 14. f5 Nd7 15. Qe1 Nde5 16.
Nxe5 Nxe5 17. Qh4 Re8 18. Bg5 Bb7 19. Bh6 Bh8 20. Nf4 Nc6 21. Kh1 Bf6 22. Qg3
Nd4 23. Rf2 e5 24. fxe6 fxe6 25. g5 Be5 26. Rbf1 Bc6 27. Qg4 Qe7 28. h4 Bxf4
29. Qxf4 e5 30. Qf6 Qxf6 31. Rxf6 Ne2 32. Kh2 Rbd8 33. Rf7 Nf4 34. Rg7+ Kh8 35.
Bh3 d5 36. Rc7 dxe4 37. Rxc6 exd3 38. cxd3 Rxd3 39. Bg4 Rd2+ 40. Kg3 Rxa2 41.
Rc7 Rg2+ 42. Kf3 a2 43. Bd7 Rd8 44. Bb5 Rc2 45. Bg7+ Kg8 46. Bxe5 Ne6 47. Rb7
Nd4+ 48. Ke4 Nf5 49. Bc4+ Rxc4+ 50. bxc4 Re8 51. Kf4 Rf8 52. Bf6 Ra8 53. Ra1
Ra3 54. Bb2 Ra8 55. h5 Ra4 56. hxg6 hxg6 57. Rh1 Nd4 58. Bxd4 cxd4 59. Ra1 d3
60. Ke3 1-0

[Event "Europa tch 2011 femenino"]
[Site "Porto Carras"]
[Date "2011.11.09"]
[Round "7.7"]
[White "Madl, Ildiko"]
[Black "Lanchava, Tea"]
[Result "1/2-1/2"]
[WhiteElo "2399"]
[BlackElo "2320"]
[PlyCount "69"]
[EventDate "2011.11.03"]
[EventType "team"]
[EventRounds "9"]
[EventCountry "GRE"]
[Source "lmi"]
[SourceDate "2011.11.03"]
[WhiteTeamCountry "NED"]
[BlackTeamCountry "GRE"]

1. e4 g6 2. d4 Bg7 3. Nc3 d6 4. Be3 a6 5. Qd2 b5 6. a4 b4 7. Na2 a5 8. Bd3 Ba6
9. Ne2 Qd7 10. Nac1 c5 11. c4 bxc3 12. bxc3 c4 13. Bc2 Nf6 14. h3 O-O 15. O-O
Bb7 16. Ng3 h5 17. Bg5 Nh7 18. Bh6 e5 19. Bxg7 Kxg7 20. Rd1 h4 21. Nf1 Nf6 22.
f3 Qc6 23. Qg5 Rh8 24. dxe5 Qc5+ 25. Qe3 Qxe5 26. Ne2 Nbd7 27. Qd4 d5 28. Rab1
Qxd4+ 29. Nxd4 Rab8 30. Nd2 Rhe8 31. Nb5 Bc6 32. Nd4 Ba8 33. Nb5 Bc6 34. Nd4
Ba8 35. Nb5 1/2-1/2

[Event "Europa tch 2011 femenino"]
[Site "Porto Carras"]
[Date "2011.11.09"]
[Round "7.7"]
[White "Peng, Zhaoqin"]
[Black "Hoang, Thanh Trang"]
[Result "1/2-1/2"]
[WhiteElo "2379"]
[BlackElo "2446"]
[PlyCount "85"]
[EventDate "2011.11.03"]
[EventType "team"]
[EventRounds "9"]
[EventCountry "GRE"]
[Source "lmi"]
[SourceDate "2011.11.03"]
[WhiteTeamCountry "NED"]
[BlackTeamCountry "GRE"]

1. c4 e6 2. Nc3 f5 3. Nf3 Nf6 4. g3 d5 5. d4 c6 6. Bg2 Bd6 7. O-O O-O 8. Qc2
Ne4 9. Rb1 Nd7 10. b4 b5 11. cxb5 Nxc3 12. Qxc3 cxb5 13. Bg5 Qb6 14. Ne5 Bxe5
15. dxe5 Bb7 16. Be3 Qc6 17. Qb2 Nb6 18. Bc5 Rfc8 19. Qd4 Nc4 20. Rb3 a5 21. g4
axb4 22. Bxb4 fxg4 23. a3 Qd7 24. Rg3 Ra4 25. Rd1 Nxa3 26. Qxg4 Rc4 27. Qh3
Rcxb4 28. Rxa3 Rh4 29. Qe3 Rhg4 30. Rxa4 bxa4 31. Qb6 a3 32. Ra1 Ra4 33. Bh3
Bc6 34. Qc5 a2 35. Qc2 d4 36. Rxa2 Qd5 37. Bxe6+ Qxe6 38. Rxa4 Bxa4 39. Qxa4
Qg6+ 40. Kf1 Qb1+ 41. Kg2 Qe4+ 42. Kg1 Qb1+ 43. Kg2 1/2-1/2

[Event "Europa tch 2011 femenino"]
[Site "Porto Carras"]
[Date "2011.11.09"]
[Round "7.8"]
[White "Bulmaga, Irina"]
[Black "Skinke, Katrina"]
[Result "1-0"]
[WhiteElo "2334"]
[BlackElo "2227"]
[PlyCount "97"]
[EventDate "2011.11.03"]
[EventType "team"]
[EventRounds "9"]
[EventCountry "GRE"]
[Source "lmi"]
[SourceDate "2011.11.03"]
[WhiteTeamCountry "NED"]
[BlackTeamCountry "GRE"]

1. e4 c5 2. Nf3 d6 3. d4 cxd4 4. Nxd4 Nf6 5. Nc3 a6 6. Be3 e5 7. Nb3 Be6 8. f3
Be7 9. Qd2 O-O 10. O-O-O b5 11. g4 Nbd7 12. Kb1 Qc7 13. g5 Nh5 14. Nd5 Bxd5 15.
exd5 Rfc8 16. Bh3 a5 17. Bxd7 Qxd7 18. Nxa5 Nf4 19. Bxf4 exf4 20. Nc6 Bxg5 21.
Rhg1 h6 22. Rde1 Kh8 23. Re4 f5 24. Rb4 Qf7 25. a3 Qh5 26. Qg2 Re8 27. Rxb5 Re3
28. Rf1 Qe8 29. Rb3 Bf6 30. Rd1 Rxb3 31. cxb3 Qe3 32. Ka2 Re8 33. Na5 Rb8 34.
Qf1 Qb6 35. Qe1 Qc5 36. a4 Qb6 37. Rd3 Ra8 38. Nc4 Qc5 39. Kb1 Rb8 40. Na5 Qb6
41. b4 Ra8 42. Nc4 Qc7 43. b3 Rb8 44. b5 Qf7 45. Nxd6 Qf8 46. Qe6 g6 47. a5 Be7
48. Nf7+ Kh7 49. d6 1-0

[Event "Europa tch 2011 femenino"]
[Site "Porto Carras"]
[Date "2011.11.09"]
[Round "7.8"]
[White "Foisor, Cristina-Adela"]
[Black "Reizniece-Ozola, Dana"]
[Result "1-0"]
[WhiteElo "2418"]
[BlackElo "2281"]
[PlyCount "77"]
[EventDate "2011.11.03"]
[EventType "team"]
[EventRounds "9"]
[EventCountry "GRE"]
[Source "lmi"]
[SourceDate "2011.11.03"]
[WhiteTeamCountry "NED"]
[BlackTeamCountry "GRE"]

1. Nf3 Nf6 2. c4 g6 3. g3 Bg7 4. Bg2 O-O 5. O-O d6 6. d4 Nc6 7. Nc3 a6 8. Re1
Bd7 9. e4 e5 10. dxe5 dxe5 11. Nd5 Bg4 12. h3 Bxf3 13. Bxf3 Nd4 14. Be3 Nd7 15.
Bg2 c6 16. Nc3 Nc5 17. h4 Nd3 18. Bxd4 Nxb2 19. Qb3 exd4 20. Nd1 Nxd1 21. Raxd1
Qc7 22. f4 b5 23. e5 Rfd8 24. Kh2 Rab8 25. e6 Rd6 26. c5 Rdd8 27. Bh3 fxe6 28.
Rxe6 Kh8 29. Bg2 a5 30. Bxc6 Qa7 31. Qc2 Rbc8 32. h5 gxh5 33. Qf5 Bf8 34. Be4
Qg7 35. c6 b4 36. Rf6 Rc7 37. Rxd4 Re8 38. Rd7 Be7 39. Rf7 1-0

[Event "Europa tch 2011 femenino"]
[Site "Porto Carras"]
[Date "2011.11.09"]
[Round "7.8"]
[White "Ungure, Liga"]
[Black "Voicu Jagodzinsky, Carmen"]
[Result "1/2-1/2"]
[WhiteElo "2066"]
[BlackElo "2300"]
[PlyCount "65"]
[EventDate "2011.11.03"]
[EventType "team"]
[EventRounds "9"]
[EventCountry "GRE"]
[Source "lmi"]
[SourceDate "2011.11.03"]
[WhiteTeamCountry "NED"]
[BlackTeamCountry "GRE"]

1. e4 c5 2. Nf3 e6 3. d4 cxd4 4. Nxd4 Nf6 5. Nc3 d6 6. Be2 a6 7. O-O Be7 8. Be3
O-O 9. f4 Nc6 10. Kh1 Qc7 11. Qe1 Nxd4 12. Bxd4 b5 13. e5 Ne8 14. Bd3 Bb7 15.
Qg3 g6 16. Ne4 Bxe4 17. Bxe4 d5 18. Bd3 Ng7 19. Qe1 b4 20. Bf2 a5 21. Bh4 f6
22. exf6 Bxf6 23. Bxf6 Rxf6 24. Qe3 Raf8 25. g3 Qc6 26. Qd4 Ne8 27. Rfc1 Nd6
28. c3 bxc3 29. Rxc3 Qb7 30. Rb3 Qc6 31. Rc3 Qb7 32. Rb3 Qc6 33. Rc3 1/2-1/2

[Event "Europa tch 2011 femenino"]
[Site "Porto Carras"]
[Date "2011.11.09"]
[Round "7.9"]
[White "Exler, Veronika"]
[Black "Calzetta Ruiz, Monica"]
[Result "1/2-1/2"]
[WhiteElo "2124"]
[BlackElo "2301"]
[PlyCount "187"]
[EventDate "2011.11.03"]
[EventType "team"]
[EventRounds "9"]
[EventCountry "GRE"]
[Source "lmi"]
[SourceDate "2011.11.03"]
[WhiteTeamCountry "NED"]
[BlackTeamCountry "GRE"]

1. e4 c5 2. c3 d5 3. exd5 Qxd5 4. d4 g6 5. Nf3 Bg7 6. Na3 cxd4 7. Bc4 Qe4+ 8.
Be3 Nh6 9. Nb5 O-O 10. cxd4 Nc6 11. Nc3 Qf5 12. h3 Qa5 13. g4 Kh8 14. Qd2 Ng8
15. g5 Bf5 16. Nh4 Bd7 17. Rd1 Rac8 18. Be2 Rfd8 19. f4 e6 20. Nf3 Nge7 21. Bd3
Nd5 22. h4 Ncb4 23. Be4 Nxe3 24. Qxe3 Bc6 25. a3 Nd5 26. Bxd5 Bxd5 27. Rh3 Bxf3
28. Rxf3 Rc4 29. Qe4 Qb6 30. Ne2 Kg8 31. b3 Rc6 32. Rfd3 Qa5+ 33. b4 Qd5 34.
Qxd5 Rxd5 35. Kf2 Kf8 36. Ke3 Ke7 37. Ke4 Rc2 38. R1d2 Rc4 39. Ng3 a5 40. Nf1
Rc1 41. Ne3 Rb5 42. bxa5 Rxa5 43. d5 Ra4+ 44. Kf3 e5 45. fxe5 Bxe5 46. Rb3 Rf4+
47. Ke2 Rxh4 48. Rxb7+ Kf8 49. Rd3 Rh2+ 50. Kf3 Rg1 51. d6 Rxg5 52. d7 Rg3+ 53.
Ke4 Bf6 54. d8=Q+ Bxd8 55. Rxd8+ Kg7 56. Rdd7 Rh4+ 57. Kd3 Rf4 58. a4 h5 59. a5
Ra4 60. Rxf7+ Kh6 61. Rh7+ Kg5 62. Rb5+ Kh4 63. Re7 g5 64. Re4+ Rxe4 65. Kxe4
Rg1 66. Rb2 g4 67. Kf4 g3 68. Rb3 Ra1 69. Nf5+ Kh3 70. Rxg3+ Kh2 71. Rg5 Rxa5
72. Rxh5+ Kg1 73. Kf3 Ra3+ 74. Ne3 Rb3 75. Ra5 Kh2 76. Kf2 Rb2+ 77. Kf3 Rb3 78.
Ra1 Rd3 79. Kf2 Rd2+ 80. Kf3 Rd3 81. Ke2 Rb3 82. Kf2 Rb2+ 83. Kf3 Rb3 84. Re1
Ra3 85. Re2+ Kh3 86. Re1 Kh4 87. Rg1 Kh5 88. Kf4 Ra4+ 89. Ke5 Ra5+ 90. Nd5 Kh4
91. Ke4 Ra4+ 92. Kf3 Ra3+ 93. Ne3 Kh5 94. Rg2 1/2-1/2

[Event "Europa tch 2011 femenino"]
[Site "Porto Carras"]
[Date "2011.11.09"]
[Round "7.9"]
[White "Hernandez Estevez, Yudania"]
[Black "Kopinits, Anna-Christina"]
[Result "1-0"]
[WhiteElo "2284"]
[BlackElo "2276"]
[PlyCount "75"]
[EventDate "2011.11.03"]
[EventType "team"]
[EventRounds "9"]
[EventCountry "GRE"]
[Source "lmi"]
[SourceDate "2011.11.03"]
[WhiteTeamCountry "NED"]
[BlackTeamCountry "GRE"]

1. e4 e5 2. d4 exd4 3. Qxd4 Nc6 4. Qe3 Nf6 5. Nc3 Bb4 6. Bd2 O-O 7. O-O-O Re8
8. Bc4 Qe7 9. f3 Na5 10. Qd3 Nxc4 11. Qxc4 Qc5 12. Qd3 c6 13. a3 Bxc3 14. Bxc3
Qg5+ 15. Qd2 Qxd2+ 16. Rxd2 Rd8 17. Bxf6 gxf6 18. Ne2 d5 19. Rhd1 Be6 20. Nf4
Re8 21. Nh5 Re7 22. exd5 Bxd5 23. c4 Re5 24. g4 Rxh5 25. gxh5 Bxc4 26. Rd8+
Rxd8 27. Rxd8+ Kg7 28. Rd7 b5 29. Rxa7 Bd5 30. Kd2 Bxf3 31. Ke3 Bd5 32. Rd7 Kh6
33. Rxd5 cxd5 34. b3 Kg5 35. a4 bxa4 36. bxa4 f5 37. a5 f4+ 38. Kf3 1-0